| 000 | 01258cab a22002655a 4500 | ||
|---|---|---|---|
| 001 | L149821 | ||
| 008 | 100430e2010 xxk 001 0 eng d | ||
| 020 | _a9780415465656 | ||
| 035 | _a(Sirsi) u149821 | ||
| 041 | 0 | _aeng | |
| 050 | _a692.5095 $2 18 | ||
| 050 | _a692.5095 $2 18 | ||
| 110 | 2 |
_aDavis Langdon _94649 |
|
| 245 | 0 | 0 |
_aSpon's Asia Pacific construction cost handbook _h[electronic resource] |
| 250 | _a4th ed | ||
| 260 |
_aOxon _bDavis Langdon _c2010 |
||
| 505 | _aThe construction industry in the Asia Pacific region -- Introductory notes to country sections -- Individual countries -- Amplified descriptions of construction items -- Introductory notes -- Key national indicators -- Construction output indicators -- Construction cost data | ||
| 520 | _aThis book is regarding construction costs in the Asia Pacific region. This edition has been extended to include Pakistan and Cambodia. Information can be found on Austrilia, UK, and North America | ||
| 520 | _aSuperseded by 5th edition (ISBN 9781482243581). | ||
| 650 | 2 | 4 | _aEBOOK |
| 651 | 4 |
_aUnited Kingdom _y |
|
| 690 | _aBUILT ENVIRONMENT-BUILDING COSTS | ||
| 856 | 4 | 0 |
_uhttps://www.vlebooks.com/ _zView on VLEbooks. Logins for members only from [email protected] |
| 942 | _n0 | ||
| 999 |
_c82283 _d82283 |
||